| 000 | 00480nam a22001817a 4500 | ||
|---|---|---|---|
| 003 | MPLRDC | ||
| 005 | 20220105061114.0 | ||
| 008 | 210129b ||||| |||| 00| 0 eng d | ||
| 020 | _a978-967-5754-43-2 | ||
| 082 | _a859.3 MLX | ||
| 100 | _a马来西亚教育部 编 | ||
| 245 |
_a愿心星点亮 _c |
||
| 260 |
_a马来西亚 _b艺青出版社有限公司 _c2012 |
||
| 300 | _b平 | ||
| 520 | _a上架 2017-06-02。 | ||
| 650 | _a儿童文学总集 | ||
| 942 |
_cBK _o859.3 MLX |
||
| 999 |
_c68871 _d68861 |
||